Library Banner

World religions / (Record no. 111078)

MARC details
000 -LEADER
fixed length control field 00576cam a2200205 a 4500
001 - CONTROL NUMBER
control field 17006294
005 - DATE AND TIME OF LATEST TRANSACTION
control field 20190302113910.0
008 - FIXED-LENGTH DATA ELEMENTS--GENERAL INFORMATION
fixed length control field 111019s2013 at ab b 001 0 eng
020 ## - INTERNATIONAL STANDARD BOOK NUMBER
International Standard Book Number 9781111834722 (pbk.)
020 ## - INTERNATIONAL STANDARD BOOK NUMBER
International Standard Book Number 1111834725
040 ## - CATALOGING SOURCE
Transcribing agency PK-LaUMT
082 ## - DEWEY DECIMAL CLASSIFICATION NUMBER
Classification number 291
Item number MAT-W
100 1# - MAIN ENTRY--PERSONAL NAME
Personal name Matthews, Alfred Warren
245 10 - TITLE STATEMENT
Title World religions /
Statement of responsibility, etc by Warren Matthews
250 ## - EDITION STATEMENT
Edition statement 7th ed.
260 ## - PUBLICATION, DISTRIBUTION, ETC. (IMPRINT)
Place of publication, distribution, etc Australia :
Name of publisher, distributor, etc Cengage Learning Wadsworth,
Date of publication, distribution, etc 2013
300 ## - PHYSICAL DESCRIPTION
Extent xxii, 440 p. :
Other physical details ill. (chiefly col.), col. maps ;
Dimensions 26 cm.
650 #0 - SUBJECT ADDED ENTRY--TOPICAL TERM
Topical term or geographic name as entry element Religions.
942 ## - ADDED ENTRY ELEMENTS (KOHA)
Koha item type Books
Holdings
Withdrawn status Lost status Damaged status Home library Current library Date acquired Full call number Barcode Date last seen Price effective from Koha item type
      UMT Main Campus UMT Main Campus 2019-03-02 291 MAT-W 128679 2019-12-23 2019-03-02 Books